000
00227nam a2200097Ia 4500
008
230915s9999 xx 000 0 und d
050
_a
QK495 .A53 2001
100
_a
LYMAN D. BENSON
245
4
_a
THE CACTUS FAMILY
942
_c
BK
999
_c
192514
_d
192514